000
00329nam a2200145Ia 4500
100
_a
Johannesson/Rolf
942
_c
BK
654
_a
convolutional coding
245
_a
Fundamentals of convolutional coding
260
_b
Universities Press
_c
2001
082
_a
511.33
_b
JOH
300
_a
426
546
_a
ENGLISH
999
_c
23925
_d
23925